Nepřátelské převzetí: metody a strategie obrany

Problematika prevzatia jednej spoločnosti inou. Priateľské prevzatie (friendly takeover) a nepriateľské prevzatie (hostile takeover). Ako sa proti nepriateľskému prevzatiu brániť. Charakteristika jednotlivých metód obrany. Vlastná aktívna obrana. Pozitívne efekty a zápory nepriateľského prevzatia.

Salvato in:
Dettagli Bibliografici
Autore principale: Malý, Milan
Natura: Capitolo di libro
Lingua:ceco
Soggetti:
Tags: Aggiungi Tag
Nessun Tag, puoi essere il primo ad aggiungerne!!

MARC

LEADER 00000naa$a2200000$$$4500
001 0047090
005 20231106123436.1
041 0 |a cze 
044 |a CZ 
245 1 0 |a Nepřátelské převzetí: metody a strategie obrany  |c Milan Malý 
520 |a Problematika prevzatia jednej spoločnosti inou. Priateľské prevzatie (friendly takeover) a nepriateľské prevzatie (hostile takeover). Ako sa proti nepriateľskému prevzatiu brániť. Charakteristika jednotlivých metód obrany. Vlastná aktívna obrana. Pozitívne efekty a zápory nepriateľského prevzatia. 
610 2 0 |a firmy 
610 2 0 |a fúzie 
610 2 0 |a správa podniku 
610 2 0 |a hodnota podniku 
610 2 0 |a akcie 
610 2 0 |a výsledok hospodársky 
100 1 |a Malý, Milan